| 000 | 00440nam a22001697a 4500 | ||
|---|---|---|---|
| 005 | 20180813160153.0 | ||
| 008 | 160531b xxu||||| |||| 00| 0 eng d | ||
| 020 | _a0-07-058339-0 | ||
| 041 | _aeng | ||
| 082 |
_b6378 _a658.4 |
||
| 100 |
_aKoontz, Harold & Weihrich, Heinz _91577 |
||
| 245 | _aEssentials of Management : an international perspective | ||
| 260 |
_bTMH _adelhi |
||
| 300 | _a420p, | ||
| 650 |
_aManagement _9241 |
||
| 942 | _cBK | ||
| 999 |
_c2242 _d2241 |
||